Melancolía de la resistencia / (Registro nro. 73129)
[ vista simple ]
| 000 -LEADER | |
|---|---|
| fixed length control field | 01394nam a2200385 i 4500 |
| 001 - CONTROL NUMBER | |
| control field | 73129 |
| 003 - CONTROL NUMBER IDENTIFIER | |
| control field | Mx-PuUPA |
| 005 - DATE AND TIME OF LATEST TRANSACTION | |
| control field | 20260219122803.0 |
| 008 - FIXED-LENGTH DATA ELEMENTS--GENERAL INFORMATION | |
| fixed length control field | 260219s1989 sp |||gr|||| 00| f spa d |
| 017 ## - COPYRIGHT OR LEGAL DEPOSIT NUMBER | |
| Copyright or legal deposit number | B. 41573-2001 |
| 020 ## - INTERNATIONAL STANDARD BOOK NUMBER | |
| International Standard Book Number | 9788495359575 |
| 040 ## - CATALOGING SOURCE | |
| Original cataloging agency | Mx-PuUPA |
| Language of cataloging | spa |
| Transcribing agency | Mx-PuUPA |
| Modifying agency | Mx-PuUPA |
| Description conventions | rda |
| 041 1# - LANGUAGE CODE | |
| Language code of text/sound track or separate title | spa |
| Language code of original | hun |
| 043 ## - GEOGRAPHIC AREA CODE | |
| Geographic area code | e-hu--- |
| 100 1# - MAIN ENTRY--PERSONAL NAME | |
| Personal name | Krasznahorkai, László, |
| Dates associated with a name | 1954- |
| 9 (RLIN) | 17844 |
| Relator term | autor |
| 240 13 - UNIFORM TITLE | |
| Uniform title | Az ellenállás melankóliája. |
| Language of a work | Español |
| 245 10 - TITLE STATEMENT | |
| Title | Melancolía de la resistencia / |
| Statement of responsibility, etc. | László Krasznahorkai ; traducción del húngaro, Adan Kovacsics |
| 250 ## - EDITION STATEMENT | |
| Edition statement | Primera edición |
| 264 #1 - PRODUCTION, PUBLICATION, DISTRIBUTION, MANUFACTURE, AND COPYRIGHT NOTICE | |
| Place of production, publication, distribution, manufacture | Barcelona, España : |
| Name of producer, publisher, distributor, manufacturer | Quaderns Crema : Alcantilado, |
| Date of production, publication, distribution, manufacture, or copyright notice | 2001 |
| 300 ## - PHYSICAL DESCRIPTION | |
| Extent | 417 páginas ; |
| Dimensions | 21 cm |
| 336 ## - CONTENT TYPE | |
| Fuente | rdacontent |
| Content type term | texto |
| Content type code | txt |
| 337 ## - MEDIA TYPE | |
| Source | rdamedia |
| Media type term | sin medio |
| Media type code | n |
| 338 ## - CARRIER TYPE | |
| Source | rdacarrier |
| Carrier type term | volumen |
| Carrier type code | nc |
| 490 0# - SERIES STATEMENT | |
| Series statement | Narrativa del Acantilado ; |
| Volume/sequential designation | 17 |
| 500 ## - GENERAL NOTE | |
| General note | Reimpresiones: (Tercera, octubre de 2025). |
| 650 #7 - SUBJECT ADDED ENTRY--TOPICAL TERM | |
| Source of heading or term | armarc |
| Topical term or geographic name entry element | Novela hungará |
| 651 #4 - SUBJECT ADDED ENTRY--GEOGRAPHIC NAME | |
| Geographic name | Hungría (Ciudad) |
| General subdivision | Terror |
| Form subdivision | Novela |
| 651 #4 - SUBJECT ADDED ENTRY--GEOGRAPHIC NAME | |
| Geographic name | Hungría |
| General subdivision | Violencia |
| Form subdivision | Novela |
| 765 0# - ORIGINAL LANGUAGE ENTRY | |
| Main entry heading | Krasznahorkai, László, 1954- |
| Title | Az ellenállás melankóliája. |
| 942 ## - ADDED ENTRY ELEMENTS (KOHA) | |
| Source of classification or shelving scheme | Dewey Decimal Classification |
| Koha item type | Libro |
| Classification part | 894.5113 |
| Item part | K8518 |
| Withdrawn status | Lost status | Source of classification or shelving scheme | Damaged status | Not for loan | Collection code | Home library | Current library | Shelving location | Date acquired | Source of acquisition | Cost, normal purchase price | Total Checkouts | Full call number | Barcode | Date last seen | Cost, replacement price | Price effective from | Koha item type |
|---|---|---|---|---|---|---|---|---|---|---|---|---|---|---|---|---|---|---|
| Dewey Decimal Classification | General | Biblioteca Karol Wojtyla | Biblioteca Karol Wojtyla | Sala general | 11/12/2025 | 11 | 768.74 | 894.5113 K8518 2001 | 106255 | 25/02/2026 | 768.74 | 11/12/2025 | Libro |